00651cam a22001813a 450000100060000000300060000600500170001200800410002904000150007004200070008510000260009224502010011826000290031950600300034851600200037883000290039885600420042741673PGUSA20140828083936.0121220s2012||||xxu|||||s|||||000 | eng d aPGUSAbeng adc1 aLoring, Caleb William10aNullification, Secession Webster's Argument and the Kentucky and Virginia Resolutions :bConsidered in Reference to the Constitution and Historicallyh[electronic resource] /cCaleb William Loring bProject Gutenberg,c2012 aPublic domain in the USA. aElectronic text 0aProject Gutenbergv4167340uhttp://www.gutenberg.org/ebooks/41673